000 00217nam a2200097Ia 4500
005 20251222141826.0
008 251222s9999||||xx |||||||||||||| ||spa||
082 _a709.04/F74
245 0 _aArt du XX° siecle
942 _cLIB
999 _c6970
_d6970